Water Resources Development Act of 2022 : report (to accompany S. 4136) (including cost estimate of the Congressional Budget Office).

Bibliographic Details
Corporate Author: United States. Congress. Senate. Committee on Environment and Public Works (Author)
Format: Government Document eBook
Language:English
Published: [Washington, D.C.] : [U.S. Government Publishing Office], 2022.
Series:Report / 117th Congress, 2d session, Senate ; 117-124
Subjects:
Online Access:PDF version
Text version

MARC

Tag First Indicator Second Indicator Subfields
LEADER 00000nam a2200000 i 4500
001 in00004590421
006 m o d f
007 cr |||||||||||
008 220630s2022 dcu o f000 0 eng c
005 20220810155755.5
035 |a (OCoLC)on1333961678 
040 |a GPO  |b eng  |e rda  |e pn  |c GPO  |d GPO  |d MvI 
042 |a pcc 
043 |a n-us--- 
049 |a WWW 
074 |a 1008-G (online) 
086 0 |a Y 1.1/5:117-124 
110 1 |a United States.  |b Congress.  |b Senate.  |b Committee on Environment and Public Works,  |e author. 
245 1 0 |a Water Resources Development Act of 2022 :  |b report (to accompany S. 4136) (including cost estimate of the Congressional Budget Office). 
264 1 |a [Washington, D.C.] :  |b [U.S. Government Publishing Office],  |c 2022. 
300 |a 1 online resource (76 pages). 
336 |a text  |b txt  |2 rdacontent 
337 |a computer  |b c  |2 rdamedia 
338 |a online resource  |b cr  |2 rdacarrier 
490 1 |a Report / 117th Congress, 2d session, Senate ;  |v 117-124 
500 |a "June 22, 2022." 
500 |a GPO Cataloging Record Distribution Program (CRDP). 
588 |a Description based on online resource; title from PDF title screen (govinfo web site, viewed on June 30, 2022). 
650 0 |a Water resources development  |x Law and legislation  |z United States. 
650 0 |a Federal aid to water resources development  |z United States. 
650 0 |a Flood control  |x Law and legislation  |z United States. 
655 7 |a Legislative materials.  |2 lcgft 
776 0 8 |i Print version:  |a United States. Congress. Senate. Committee on Environment and Public Works.  |t Water Resources Development Act of 2022  |w (OCoLC)1333955393 
810 1 |a United States.  |b Congress.  |b Senate.  |t Report ;  |v 117-124. 
856 4 0 |3 PDF version  |u https://purl.fdlp.gov/GPO/gpo183893  |t 0 
856 4 0 |3 Text version  |u https://purl.fdlp.gov/GPO/gpo183894  |t 0 
999 f f |s 3a9879be-ab30-47f1-b657-b9d4f63f23d1  |i 3a9879be-ab30-47f1-b657-b9d4f63f23d1  |t 0 
952 f f |a Texas A&M University  |b College Station  |c Electronic Resources  |d Available Online  |t 0  |e Y 1.1/5:117-124  |h Superintendent of Documents classification 
998 f f |a Y 1.1/5:117-124  |t 0  |l Available Online